Islamic legal maxims / (Record no. 586624)
[ view plain ]
| 000 -LEADER | |
|---|---|
| fixed length control field | 01227cam a2200397 i 4500 |
| 001 - CONTROL NUMBER | |
| control field | 17870910 |
| 003 - CONTROL NUMBER IDENTIFIER | |
| control field | NUST |
| 005 - DATE AND TIME OF LATEST TRANSACTION | |
| control field | 20211101092516.0 |
| 008 - FIXED-LENGTH DATA ELEMENTS--GENERAL INFORMATION | |
| fixed length control field | 130830s2013 pk b 000 0 eng |
| 010 ## - LIBRARY OF CONGRESS CONTROL NUMBER | |
| LC control number | 2013359043 |
| 020 ## - INTERNATIONAL STANDARD BOOK NUMBER | |
| International Standard Book Number | 9789695571170 |
| 025 ## - OVERSEAS ACQUISITION NUMBER | |
| Overseas acquisition number | P-E-2013359043; 41 |
| 037 ## - SOURCE OF ACQUISITION | |
| Source of stock number/acquisition | Library of Congress -- Islamabad Overseas Office |
| Terms of availability | Rs 575 |
| 038 ## - RECORD CONTENT LICENSOR | |
| Staff Name | waseem |
| 040 ## - CATALOGING SOURCE | |
| Original cataloging agency | DLC |
| Language of cataloging | eng |
| Transcribing agency | DLC |
| Description conventions | rda |
| 041 0# - LANGUAGE CODE | |
| Language code of text/sound track or separate title | eng |
| -- | ara |
| 042 ## - AUTHENTICATION CODE | |
| Authentication code | lcode |
| -- | pcc |
| 050 00 - LIBRARY OF CONGRESS CALL NUMBER | |
| Classification number | KBP40.2 |
| Item number | .N93 2013 |
| 082 ## - DEWEY DECIMAL CLASSIFICATION NUMBER | |
| Classification number | 340.59 |
| Author Mark | NYA |
| 100 1# - MAIN ENTRY--PERSONAL NAME | |
| Personal name | Nyazee, Imran Ahsan Khan. |
| Relator term | compiler. |
| 9 (RLIN) | 613 |
| 245 10 - TITLE STATEMENT | |
| Title | Islamic legal maxims / |
| Statement of responsibility, etc. | Imran Ahsan Khan Nyazee. |
| 250 ## - EDITION STATEMENT | |
| Edition statement | First edition. |
| 264 #1 - PRODUCTION, PUBLICATION, DISTRIBUTION, MANUFACTURE, AND COPYRIGHT NOTICE | |
| Place of production, publication, distribution, manufacture | Islamabad : |
| Name of producer, publisher, distributor, manufacturer | Advanced legal Studies Institute, |
| Date of production, publication, distribution, manufacture, or copyright notice | 2013. |
| 300 ## - PHYSICAL DESCRIPTION | |
| Extent | 341 pages ; |
| Dimensions | 24 cm |
| 336 ## - CONTENT TYPE | |
| Content type term | text |
| Source | rdacontent |
| 337 ## - MEDIA TYPE | |
| Media type term | unmediated |
| Source | rdamedia |
| 338 ## - CARRIER TYPE | |
| Carrier type term | volume |
| Source | rdacarrier |
| 504 ## - BIBLIOGRAPHY, ETC. NOTE | |
| Bibliography, etc. note | Includes bibliographical references (page 331). |
| 546 ## - LANGUAGE NOTE | |
| Language note | Some in Arabic. |
| 563 ## - BINDING INFORMATION | |
| Binding note | PBK. |
| 650 #0 - SUBJECT ADDED ENTRY--TOPICAL TERM | |
| Topical term or geographic name entry element | Legal maxims (Islamic law) |
| 9 (RLIN) | 83561 |
| 655 #7 - INDEX TERM--GENRE/FORM | |
| Genre/form data or focus term | Legal maxims |
| Source of term | lcgft |
| 9 (RLIN) | 83562 |
| 906 ## - LOCAL DATA ELEMENT F, LDF (RLIN) | |
| a | 7 |
| b | cbc |
| c | origode |
| d | 2 |
| e | ncip |
| f | 20 |
| g | y-gencatlg |
| 942 ## - ADDED ENTRY ELEMENTS (KOHA) | |
| Source of classification or shelving scheme | |
| Koha item type | Book |
| Withdrawn status | Lost status | Source of classification or shelving scheme | Damaged status | Not for loan | Permanent Location | Current Location | Shelving location | Date acquired | Total Checkouts | Total Renewals | Full call number | Barcode | Date last seen | Date last checked out | Price effective from | Koha item type |
|---|---|---|---|---|---|---|---|---|---|---|---|---|---|---|---|---|
| NUST Law School (NLS) | NUST Law School (NLS) | Law | 11/01/2021 | 1 | 2 | 340.59 NYA | CL-664 | 01/31/2024 | 09/26/2023 | 11/01/2021 | Book | |||||
| NUST Law School (NLS) | NUST Law School (NLS) | 03/04/2025 | 340.59 NYA | NLS-597 | 03/04/2025 | 03/04/2025 | Book | |||||||||
| NUST Law School (NLS) | NUST Law School (NLS) | 03/04/2025 | 340.59 NYA | NLS-598 | 03/04/2025 | 03/04/2025 | Book | |||||||||
| NUST Law School (NLS) | NUST Law School (NLS) | 03/04/2025 | 340.59 NYA | NLS-599 | 03/04/2025 | 03/04/2025 | Book | |||||||||
| NUST Law School (NLS) | NUST Law School (NLS) | 03/04/2025 | 340.59 NYA | NLS-600 | 03/04/2025 | 03/04/2025 | Book | |||||||||
| NUST Law School (NLS) | NUST Law School (NLS) | 06/28/2025 | 340.59 NYA | NLS-2613 | 06/28/2025 | 06/28/2025 | Book | |||||||||
| NUST Law School (NLS) | NUST Law School (NLS) | 06/28/2025 | 340.59 NYA | NLS-2614 | 06/28/2025 | 06/28/2025 | Book | |||||||||
| NUST Law School (NLS) | NUST Law School (NLS) | 06/28/2025 | 340.59 NYA | NLS-2615 | 06/28/2025 | 06/28/2025 | Book | |||||||||
| NUST Law School (NLS) | NUST Law School (NLS) | 06/28/2025 | 340.59 NYA | NLS-2616 | 06/28/2025 | 06/28/2025 | Book |
